[Event "Canadian zt"]
[Site "Toronto"]
[Date "2024.04.01"]
[Round "8"]
[White "Zhang, Samuel"]
[Black "Doknjas, Neil"]
[Result "1-0"]
[WhiteElo "2085"]
[BlackElo "2273"]
[PlyCount "127"]
[EventDate "2024.03.27"]
[EventType "team-swiss"]
[EventRounds "10"]
[EventCountry "CAN"]
[SourceTitle "CBM 219 Extra"]
[Source "ChessBase"]
[SourceDate "2024.05.31"]
[SourceVersion "1"]
[SourceVersionDate "2024.05.31"]
[SourceQuality "1"]

1. e4 c5 2. Nf3 Nc6 3. d4 cxd4 4. Nxd4 Nf6 5. Nc3 h5 6. Bc4 e6 7. 0-0 a6 8. a4 Qc7 9. Nxc6 bxc6 10. Qe2 Ng4 11. f4 Bc5+ 12. Kh1 Qd8 13. g3 Kf8 14. h3 d5 15. Bd3 d4 16. Nd1 Nf6 17. Bd2 a5 18. b3 Bb6 19. Nb2 c5 20. Nc4 Bb7 21. Rae1 Ne8 22. Kh2 Bc7 23. e5 g6 24. Be4 Bd5 25. Bc1 Ng7 26. Ba3 Nf5 27. h4 Kg7 28. Bxc5 Ne3 29. Nxe3 Bxe4 30. Qc4 Bb6 31. Rd1 Bxc5 32. Qxc5 dxe3 33. Rxd8 Rhxd8 34. Qxe3 Bxc2 35. Rf2 Rac8 36. Rd2 Rxd2+ 37. Qxd2 Bxb3 38. Qxa5 Rc2+ 39. Kg1 Ra2 40. f5 exf5 41. Qc3 Be6 42. a5 Kh7 43. Qc5 Kg7 44. Kf1 Bb3 45. Qc3 Be6 46. Ke1 Kh7 47. Qc5 Kg8 48. Qb5 Kg7 49. Kd1 Ra3 50. a6 Bc8 51. e6 Ra1+ 52. Kc2 Ra2+ 53. Kb1 Rxa6 54. e7 Re6 55. e8Q Rxe8 56. Qxe8 Be6 57. Qe7 Bb3 58. Kb2 Be6 59. Kc3 Ba2 60. Kd4 Be6 61. Ke5 Ba2 62. Kd6 Kg8 63. Qe8+ Kh7 64. Ke7 1-0

[Event "North American op 30th"]
[Site "ICC INT"]
[Date "2020.12.29"]
[Round "8"]
[White "Zhang, Samuel"]
[Black "Han, Johnathan"]
[Result "0-1"]
[WhiteElo "2033"]
[BlackElo "1805"]
[PlyCount "56"]
[EventDate "2020.12.26"]
[EventType "swiss"]
[EventRounds "8"]
[EventCountry "USA"]
[SourceTitle "CBM 200 Extra"]
[Source "ChessBase"]
[SourceDate "2021.03.31"]
[SourceVersion "1"]
[SourceVersionDate "2021.03.31"]
[SourceQuality "1"]

1. e4 c5 2. Nf3 d6 3. d4 cxd4 4. Nxd4 Nf6 5. Nc3 a6 6. g3 e6 7. Bg2 Be7 8. 0-0 Qc7 9. f4 Nc6 10. Nb3 0-0 11. g4 Nd7 12. g5 b5 13. Qh5 b4 14. Nd1 a5 15. Rf3 a4 16. Rh3 h6 17. Nd2 Nd4 18. c3 bxc3 19. bxc3 Nc2 20. Rb1 e5 21. Qe2 exf4 22. gxh6 Qc5+ 23. Kh1 g5 24. Nf1 Na3 25. Rb4 Ba6 26. Qh5 Nc4 27. Nb2 Nxb2 28. Bxb2 Ne5 0-1

[Event "North American op 30th"]
[Site "ICC INT"]
[Date "2020.12.28"]
[Round "6"]
[White "Zhang, Samuel"]
[Black "Hoesley, Aria"]
[Result "1-0"]
[WhiteElo "2033"]
[BlackElo "1885"]
[PlyCount "63"]
[EventDate "2020.12.26"]
[EventType "swiss"]
[EventRounds "8"]
[EventCountry "USA"]
[SourceTitle "CBM 200 Extra"]
[Source "ChessBase"]
[SourceDate "2021.03.31"]
[SourceVersion "1"]
[SourceVersionDate "2021.03.31"]
[SourceQuality "1"]

1. e4 g6 2. d4 Bg7 3. Nc3 d6 4. Nf3 a6 5. h3 b5 6. Be3 Bb7 7. Bd3 Nd7 8. 0-0 c5 9. a4 b4 10. Ne2 Ngf6 11. Ng3 Rc8 12. c3 c4 13. Bb1 b3 14. Qe2 a5 15. Nd2 Nb6 16. d5 Ba6 17. Nxb3 cxb3 18. Qxa6 Nc4 19. Bd3 Nxe3 20. Bb5+ Nd7 21. fxe3 0-0 22. Bxd7 Qxd7 23. Qxa5 Ra8 24. Qb5 Qa7 25. Rf3 Rab8 26. Qd3 Qa5 27. Ne2 Rb7 28. Nd4 Bxd4 29. exd4 Rbb8 30. Qe3 Kg7 31. Qg5 h6 32. Qxe7 1-0

[Event "USA National op 51st"]
[Site "ICC INT"]
[Date "2020.11.29"]
[Round "8"]
[White "Pomerantz, Daniel"]
[Black "Zhang, Samuel"]
[Result "1/2-1/2"]
[WhiteElo "1997"]
[BlackElo "2033"]
[PlyCount "46"]
[EventDate "2020.11.27"]
[EventType "swiss"]
[EventRounds "9"]
[EventCountry "USA"]
[SourceTitle "CBM 199 Extra"]
[Source "ChessBase"]
[SourceDate "2021.01.31"]
[SourceVersion "1"]
[SourceVersionDate "2021.01.31"]
[SourceQuality "1"]

1. e4 c5 2. Nf3 d6 3. d4 cxd4 4. Nxd4 Nf6 5. Nc3 a6 6. Be3 e5 7. Nf3 Be7 8. Bc4 0-0 9. 0-0 Be6 10. Bb3 b5 11. Nd5 Nxd5 12. Bxd5 Bxd5 13. Qxd5 Nd7 14. Rfd1 Qc7 15. c3 Nf6 16. Qd3 h6 17. Nh4 d5 18. exd5 Rfd8 19. Nf5 Rxd5 20. Nxe7+ Qxe7 21. Qe2 Rad8 22. Rxd5 Rxd5 23. Rd1 Qd7 1/2-1/2

[Event "USA National op 51st"]
[Site "ICC INT"]
[Date "2020.11.28"]
[Round "5"]
[White "Zhang, Samuel"]
[Black "Hebden, Mark"]
[Result "1-0"]
[WhiteElo "2033"]
[BlackElo "2453"]
[PlyCount "111"]
[EventDate "2020.11.27"]
[EventType "swiss"]
[EventRounds "9"]
[EventCountry "USA"]
[SourceTitle "CBM 199 Extra"]
[Source "ChessBase"]
[SourceDate "2021.01.31"]
[SourceVersion "1"]
[SourceVersionDate "2021.01.31"]
[SourceQuality "1"]

1. e4 e5 2. Nf3 Nc6 3. Bc4 Nf6 4. d3 Be7 5. 0-0 d6 6. a4 0-0 7. a5 a6 8. Re1 Be6 9. Nbd2 Qd7 10. c3 Rfe8 11. Bxe6 Qxe6 12. Nf1 d5 13. Ng3 dxe4 14. dxe4 Rad8 15. Qc2 Bc5 16. Be3 Bxe3 17. Rxe3 Qc4 18. Qa4 Qxa4 19. Rxa4 Rd1+ 20. Re1 Red8 21. Kf1 g6 22. Rxd1 Rxd1+ 23. Ke2 Rb1 24. Ra2 Nd7 25. Kd2 Nc5 26. Kc2 Rf1 27. Nxf1 Nxe4 28. b4 Nxf2 29. Kb3 Nd3 30. Kc4 e4 31. Nd4 Nce5+ 32. Kd5 f5 33. g3 Kf7 34. Ne2 Ke7 35. Kd4 Kd6 36. Nf4 c5+ 37. bxc5+ Nxc5 38. c4 g5 39. Nd5 Ne6+ 40. Kc3 Kc5 41. Ne7 Nxc4 42. Nxf5 Nc7 43. Nd2 Nb5+ 44. Kc2 Nbd6 45. Nxd6 Nxd6 46. Ra4 Kd5 47. Kd1 e3 48. Nf3 g4 49. Rxg4 Nc4 50. Ke2 Kc5 51. Rg7 Nxa5 52. Rxh7 b5 53. g4 b4 54. Rh5+ Kb6 55. Kxe3 b3 56. Kd3 1-0

[Event "USA National op 51st"]
[Site "ICC INT"]
[Date "2020.11.27"]
[Round "3"]
[White "Clasby, Derek"]
[Black "Zhang, Samuel"]
[Result "1-0"]
[WhiteElo "2001"]
[BlackElo "2033"]
[PlyCount "53"]
[EventDate "2020.11.27"]
[EventType "swiss"]
[EventRounds "9"]
[EventCountry "USA"]
[SourceTitle "CBM 199 Extra"]
[Source "ChessBase"]
[SourceDate "2021.01.31"]
[SourceVersion "1"]
[SourceVersionDate "2021.01.31"]
[SourceQuality "1"]

1. e4 c5 2. Nf3 d6 3. d4 cxd4 4. Nxd4 Nf6 5. Nc3 a6 6. h3 e6 7. g4 b5 8. a3 Bb7 9. Bg2 Be7 10. 0-0 Nfd7 11. f4 0-0 12. f5 e5 13. Nb3 Nc6 14. Be3 Nb6 15. Nd5 Nxd5 16. exd5 Na5 17. Nxa5 Qxa5 18. f6 Bxf6 19. Rxf6 gxf6 20. Qf3 Qd8 21. Rf1 Qe7 22. Qg3 Kh8 23. Qh4 Rae8 24. Rf5 Rg8 25. Rh5 Rg7 26. Bh6 Rgg8 27. Bf8 1-0